000 00560nam a2200169Ia 4500
008 090201s9999 xx 000 0 und d
010 _aKPL-15588
040 _bमराठी
041 _aमराठी
082 _a37803
_b15588
100 _aना. व्यं. देशपांडे
245 _aअशी ही माणसेच !
_cना. व्यं. देशपांडे
260 _c2004
_bअमेय प्रकाशन
300 _a214
_bमोठा
600 _aअशी ही माणसेच !
942 _cBOOK
999 _c235433
_d235433